000 01017nam a2200313Ia 4500
003 OSt
005 20221007123524.0
006 a|||||r|||| 00| 0
007 ta
008 221006b |||||||| |||| 00| 0 eng d
020 _a0121060519 (pbk)
_c2110.76
024 _a13803
037 _b910, 28/03/2005, Unilib Book Distributors
_cTextual
040 _aPAPL
_cPAPL
_beng
041 _2eng
_aeng
082 _aCN1, P4 Carpa
100 _aBlinder S M
245 0 _aIntroduction to quantum mechanics in chemistry, materials science and biology
260 _aAmsterdam
_bElsevier Academic Press
_c2004
300 _axv, 319p.
_ccm.
490 _aComplementary science series
500 _aIndex 311-319p.
650 _a Quantum biochemistry
_9717354
650 _a Quantum chemisty
_9717355
650 _a Quantum theory
_9612792
650 _aPhysics
942 _hCN1, P4 Carpa
_cTEXL
_2CC
999 _c1212046
_d1212046